Microeconomic theory (Record no. 9332)

MARC details
000 -LEADER
fixed length control field 00442cam a2200193ua 4500
008 - FIXED-LENGTH DATA ELEMENTS--GENERAL INFORMATION
fixed length control field 180419n ii |||gr||||Z||||||eng
020 ## - INTERNATIONAL STANDARD BOOK NUMBER
International Standard Book Number 9788173817472
040 ## - CATALOGING SOURCE
Transcribing agency MAIN
041 ## - LANGUAGE CODE
-- eng
082 ## - DEWEY DECIMAL CLASSIFICATION NUMBER
Classification number 338.5
100 ## - MAIN ENTRY--PERSONAL NAME
Personal name Bhaduri, Sunil,
Relator term
245 ## - TITLE STATEMENT
Title Microeconomic theory
Statement of responsibility, etc. By Sunil Bhaduri
250 ## - EDITION STATEMENT
Edition statement 2nd ed.
260 ## - PUBLICATION, DISTRIBUTION, ETC.
Place of publication, distribution, etc. Kolkata:
Name of publisher, distributor, etc. NCBA,
Date of publication, distribution, etc. 2012.
300 ## - PHYSICAL DESCRIPTION
Extent 331p.
942 ## - ADDED ENTRY ELEMENTS (KOHA)
Koha item type Books
653 ## - INDEX TERM--UNCONTROLLED
Uncontrolled term Production
Holdings
Withdrawn status Lost status Damaged status Not for loan Home library Current library Shelving location Date acquired Total Checkouts Full call number Barcode Date last seen Date last checked out Copy number Price effective from Koha item type
        Central Library, Naharkatiya College Central Library, Naharkatiya College General Stacks 19/09/2020 1 338.5 | BHA 23894 31/08/2021 22/04/2021 1 19/09/2020 Books

Naharkatiya College © 2020. All rights reserved.

Powered By